SERVIZIO DELLA PAROLA. N. 35. FEBBRAIO 1972. (Record n. 333756)
[ formato base ]
| 000 -LEADER | |
|---|---|
| fixed length control field | 02045nas a2200277Ia 4500 |
| 001 - CONTROL NUMBER | |
| control field | R052-S5584 |
| 003 - CONTROL NUMBER IDENTIFIER | |
| control field | IT-CnALBA |
| 008 - FIXED-LENGTH DATA ELEMENTS--GENERAL INFORMATION | |
| fixed length control field | 170116c99999999xx |||||||||||| ||und|| |
| 040 ## - CATALOGING SOURCE | |
| Original cataloging agency | IT-CnALBA |
| Transcribing agency | IT-CnALBA |
| 041 ## - LANGUAGE CODE | |
| Language code of text/sound track or separate title | ITALIANO |
| 999 ## - SYSTEM CONTROL NUMBERS (KOHA) | |
| Koha Dewey Subclass [OBSOLETE] | NO |
| 100 ## - MAIN ENTRY--PERSONAL NAME | |
| Personal name | STEFANI GINO |
| 210 ## - ABBREVIATED TITLE | |
| Abbreviated title | SERVIZIO DELLA PAROLA |
| 222 ## - KEY TITLE | |
| Key title | SERVIZIO DELLA PAROLA |
| 245 #0 - TITLE STATEMENT | |
| Title | SERVIZIO DELLA PAROLA. N. 35. FEBBRAIO 1972. |
| 250 ## - EDITION STATEMENT | |
| Edition statement | 1a ed. |
| 260 ## - PUBLICATION, DISTRIBUTION, ETC. (IMPRINT) | |
| Place of publication, distribution, etc. | BRESCIA |
| Name of publisher, distributor, etc. | QUERINIANA EDIT. LIBR. VESC. |
| Date of publication, distribution, etc. | 1972 [1° Ed.:1972 - Ed.Ling.Originale: 1972] |
| 300 ## - PHYSICAL DESCRIPTION | |
| Extent | 92 p. |
| 310 ## - CURRENT PUBLICATION FREQUENCY | |
| Current publication frequency | MENSILE |
| 362 ## - DATES OF PUBLICATION AND/OR SEQUENTIAL DESIGNATION | |
| Dates of publication and/or sequential designation | Fascicolo: 35 / (1972) |
| 500 ## - GENERAL NOTE | |
| General note | DELLA TORRE L. BALDUCCI E. BERTINI M. BORELLO L. COMUNITÀ DI BOSE. BIANCHI E. GHIBERTI G. LEVI A. MAGGIIONI B. STUDER B. FUNZIONI CARISMI RUOLI DELLA PAROLA. DALLA CONFESSIO ALLA REGULA FIDEI. TESTIMONIANZA NELLA CELEBRAZIONE. DOSSIER. BATTESIMO. RINASCITA. COME REGOLA DI SVILUPPO. LA TESTIMONIANZA NELLA CHIESA OGGI. PERCEZIONE SIMBOLICA DELL'ACQUA BATTESIMALE. CONVERSIONE ESPERIENZA TEOLOGALE. LETTURA VANGELO DEI SEGNI. PROSPETTIVE CATECHESI MISTAGOGICA. STUDI BASE PER L'OMELIA. DOMENICHE V E IV PER ANNUM. I E II DI QUARESIMA, GUIDA PER L'OMELIA. GUIDA MESSA P E C. PER LE DOMENICHE DI FEBBRAIO. |
| 501 ## - WITH NOTE | |
| With note | Società San Paolo EM - Piazza San Paolo, 14 - 12051 ALBA (CN) (non commercial uses only) ® Copyright 2017 |
| 520 ## - SUMMARY, ETC. | |
| Summary, etc. | DELLA TORRE L. BALDUCCI E. BERTINI M. BORELLO L. COMUNITÀ DI BOSE. BIANCHI E. GHIBERTI G. LEVI A. MAGGIIONI B. STUDER B. FUNZIONI CARISMI RUOLI DELLA PAROLA. DALLA CONFESSIO ALLA REGULA FIDEI. TESTIMONIANZA NELLA CELEBRAZIONE. DOSSIER. BATTESIMO. RINASCITA. COME REGOLA DI SVILUPPO. LA TESTIMONIANZA NELLA CHIESA OGGI. PERCEZIONE SIMBOLICA DELL'ACQUA BATTESIMALE. CONVERSIONE ESPERIENZA TEOLOGALE. LETTURA VANGELO DEI SEGNI. PROSPETTIVE CATECHESI MISTAGOGICA. STUDI BASE PER L'OMELIA. DOMENICHE V E IV PER ANNUM. I E II DI QUARESIMA, GUIDA PER L'OMELIA. GUIDA MESSA P E C. PER LE DOMENICHE DI FEBBRAIO. |
| 650 ## - SUBJECT ADDED ENTRY--TOPICAL TERM | |
| Topical term or geographic name as entry element | PREDICAZIONE - ORATORIA SACRA |
| 942 ## - ADDED ENTRY ELEMENTS (KOHA) | |
| Koha item type | RIVISTA |
| 957 ## - | |
| -- | 1 |
| 999 ## - SYSTEM CONTROL NUMBERS (KOHA) | |
| -- | 1 |
| Withdrawn status | Lost status | Damaged status | Not for loan | Home library | Current library | Date acquired | Total Checkouts | Full call number | Date last seen | Price effective from | Koha item type | Public note |
|---|---|---|---|---|---|---|---|---|---|---|---|---|
| Buone Condizioni | Not For Loan | ALBA - Biblioteca | ALBA - Biblioteca | 16/01/2017 | R052-S5584 | 16/01/2017 | 16/01/2017 | RIVISTA | (data import: 16 gennaio 2017) - By Epidotti, Vaglietti. |